Statistics for Most Populated San Juan Islands

Click here to take the quiz!

General Stats

  • This quiz has been taken 4 times
  • The average score is 10 of 15

Answer Stats

Answer% Correct
Lopez: 2,177
100%
Orcas: 4,453
100%
San Juan: 8,632
100%
Blakely: 108
67%
Brown: 10
67%
Crane: 4
67%
Decatur: 70
67%
Henry: 19
67%
Johns: 5
67%
Pearl: 7
67%
Shaw: 188
67%
Stuart: 20
67%
Waldron: 104
67%
Obstruction: 14
33%
Sucia: 4
33%

Score Distribution

Percentile by Number Answered

Percent of People with Each Score

Your Score History

You have not taken this quiz